Normal view MARC view

Entry Personal Name

Number of records used in: 1

001 - CONTROL NUMBER

  • control field: 245865

003 - CONTROL NUMBER IDENTIFIER

  • control field: OSt

005 - DATE AND TIME OF LATEST TRANSACTION

  • control field: 20251117111552.0

008 - FIXED-LENGTH DATA ELEMENTS

  • fixed length control field: 251117|| aca||aabn | a|a d

040 ## - CATALOGING SOURCE

  • Original cataloging agency: OSt
  • Transcribing agency: OSt

100 ## - HEADING--PERSONAL NAME

  • Personal name: SHARADA PRASAD (H Y)
  • Dates associated with a name: ಎಚ್. ವೈ. ಶಾರದಾ ಪ್ರಸಾದ್

670 ## - SOURCE DATA FOUND

  • Source citation: Work cat.: (OSt)134813: SHARADA PRASAD (H Y) ಎಚ್. ವೈ. ಶಾರದಾ ಪ್ರಸಾದ್, Ellaballavarilla, 2006